000
00262nam a2200109 a 4500
005
20201002034122.0
008
130823s2008 000 spa d
020
_a
9789703243884
245
3
_a
La luz y los colores.
260
_a
México,
_c
2008.
999
_c
39902
_d
39902
040
_a
DO-SdBNP